000
00278nam a2200109Ia 4500
008
190911s9999||||xx |||||||||||||| ||und||
100
_a
Govt Finance Division
245
0
_a
Pakistan Economic Survey 1998-99
260
_a
Islamabad
_b
Royal Book
_c
2004
300
_a
132
942
_c
BK
999
_c
6932
_d
6932